[Event "ARCTIC CHESS CHALLENGE 2010"]
[Site "SCANDIC TROMSØ"]
[Date "2010.07.31"]
[Round "2"]
[White "Zdebskaja, Natalia"]
[Black "Moiseenko, Alexander"]
[Result "1/2-1/2"]
[WhiteElo "2383"]
[BlackElo "2667"]
[PlyCount "102"]
[EventDate "2010.??.??"]

1. e4 c5 2. Nf3 Nc6 3. Nc3 Nf6 4. Bb5 Qc7 5. O-O Nd4 6. Re1 a6 7. Bf1 d6 8.
Nxd4 cxd4 9. Nd5 Nxd5 10. exd5 g6 11. c4 Bg7 12. Qe2 e5 13. dxe6 fxe6 14. a4
O-O 15. Ra3 e5 16. b4 a5 17. b5 Be6 18. d3 d5 19. cxd5 Bxd5 20. Bg5 Rac8 21.
Raa1 b6 22. Bh4 Qf7 23. Bg3 Bb3 24. Qe4 Rc5 25. Be2 Bd5 26. Qh4 h5 27. Qg5 Kh7
28. Bh4 Qb7 29. Qg3 Qf7 30. Bg5 Rc2 31. h4 Qf5 32. Rac1 Rfc8 33. Bf3 Bxf3 34.
Qxf3 Qxf3 35. gxf3 R2c3 36. Bd2 Bh6 37. Bxh6 Kxh6 38. Rcd1 R8c5 39. f4 exf4 40.
Re4 Rd5 41. Rxf4 Rd6 42. Rf7 g5 43. hxg5+ Kxg5 44. Kg2 Ra3 45. Kf3 Rxa4 46.
Rg1+ Kh6 47. Rf8 Kh7 48. Rf7+ Kh6 49. Rf8 Kh7 50. Rf7+ Kh6 51. Rf8 Kh7 1/2-1/2

[Event "ARCTIC CHESS CHALLENGE 2010"]
[Site "SCANDIC TROMSØ"]
[Date "2010.07.31"]
[Round "2"]
[White "Kobalia, Mikhail"]
[Black "Devereaux, Maxim L"]
[Result "1-0"]
[WhiteElo "2648"]
[BlackElo "2380"]
[PlyCount "155"]
[EventDate "2010.??.??"]

1. e4 c5 2. Nf3 Nc6 3. d4 cxd4 4. Nxd4 Nf6 5. Nc3 e5 6. Ndb5 d6 7. Bg5 a6 8.
Na3 b5 9. Nd5 Be7 10. Bxf6 Bxf6 11. c4 b4 12. Nc2 O-O 13. Be2 Bg5 14. O-O Be6
15. Qd3 Qb8 16. Rad1 Ra7 17. b3 a5 18. Nde3 Bxe3 19. Qxe3 Rd7 20. h3 Rfd8 21.
Rd2 Qa7 22. Qg3 Nb8 23. Bg4 Na6 24. Rfd1 Nc5 25. Qe3 Qb6 26. Ne1 Qc6 27. f3 a4
28. Rb1 axb3 29. axb3 Ra8 30. Nd3 Nxd3 31. Rxd3 Rda7 32. Kh2 Bxg4 33. hxg4 f6
34. Qd2 Ra2 35. Qxb4 Qc5 36. Qxc5 dxc5 37. Rbd1 Rb2 38. R1d2 Raa2 39. Rd8+ Kf7
40. R8d7+ Kg6 41. Rxb2 Rxb2 42. Rb7 Rb1 43. Kh3 Rb2 44. Kg3 Kh6 45. Rb5 Kg6 46.
Rxc5 Rxb3 47. Rc7 Rb2 48. c5 Rc2 49. c6 h5 50. gxh5+ Kxh5 51. Kh3 Kg6 52. g3
Rc3 53. Kg4 Rc4 54. Kh3 Rc3 55. Kg2 Rc2+ 56. Kf1 f5 57. exf5+ Kxf5 58. Ke1 e4
59. Kd1 Rc4 60. f4 g6 61. Kd2 Kg4 62. Ke3 Kxg3 63. Rc8 Kg2 64. c7 Kf1 65. Rg8
Rxc7 66. Rxg6 Rf7 67. Rg8 Rf6 68. Rg5 Re6 69. Rg8 Rf6 70. Kxe4 Kf2 71. f5 Ra6
72. Ke5 Ra5+ 73. Ke6 Ra6+ 74. Kf7 Kf3 75. f6 Kf4 76. Rg1 Ra7+ 77. Kg8 Ra8+ 78.
Kg7 1-0

[Event "ARCTIC CHESS CHALLENGE 2010"]
[Site "SCANDIC TROMSØ"]
[Date "2010.07.31"]
[Round "2"]
[White "Sowray, Peter J"]
[Black "Socko, Bartosz"]
[Result "0-1"]
[WhiteElo "2383"]
[BlackElo "2646"]
[PlyCount "72"]
[EventDate "2010.??.??"]

1. e4 e6 2. d4 d5 3. Nd2 Nf6 4. e5 Nfd7 5. c3 c5 6. Bd3 b6 7. Ne2 Ba6 8. Bxa6
Nxa6 9. Nf4 Nc7 10. O-O c4 11. Qg4 b5 12. a4 bxa4 13. Rxa4 g6 14. Nf3 a5 15.
Re1 Nb6 16. Ra1 Qd7 17. h4 h6 18. g3 a4 19. Ng2 Nb5 20. Qf4 a3 21. Qd2 Na4 22.
Qc2 Qb7 23. Ne3 Kd7 24. Ng4 Kc7 25. Re3 h5 26. Nf6 Bh6 27. Ng5 Bxg5 28. hxg5
axb2 29. Bxb2 Nxd4 30. cxd4 Qxb2 31. Qxb2 Nxb2 32. Rea3 Rxa3 33. Rxa3 Nd3 34.
Kf1 Rb8 35. Ke2 Rb2+ 36. Ke3 Nxf2 0-1

[Event "ARCTIC CHESS CHALLENGE 2010"]
[Site "SCANDIC TROMSØ"]
[Date "2010.07.31"]
[Round "2"]
[White "Sandipan, Chanda"]
[Black "Klip, Hans"]
[Result "1-0"]
[WhiteElo "2637"]
[BlackElo "2366"]
[PlyCount "101"]
[EventDate "2010.??.??"]

1. e4 e5 2. Nf3 Nc6 3. Nc3 Nf6 4. Bb5 Nd4 5. Bc4 Bc5 6. Nxe5 Qe7 7. Nf3 d5 8.
Bxd5 Nxd5 9. Nxd4 Nxc3 10. dxc3 Qxe4+ 11. Qe2 Qxe2+ 12. Kxe2 Bxd4 13. cxd4 Bd7
14. Be3 O-O-O 15. c4 Rhe8 16. Kd2 a6 17. Kc3 h5 18. h4 Re4 19. a4 Rde8 20. a5
Bf5 21. Rae1 g6 22. b3 Kd7 23. d5 Kc8 24. Re2 Bg4 25. Rd2 Bf5 26. g3 Bd7 27.
Rhd1 Bg4 28. Ra1 Bf5 29. Rd4 Rxd4 30. Kxd4 Kd7 31. b4 Re4+ 32. Kc3 c6 33. Rd1
Bg4 34. Rd2 cxd5 35. Rxd5+ Ke6 36. Rd8 Bf3 37. Rb8 Re5 38. Bd4 Rf5 39. Kd2 Bc6
40. f4 Kd7 41. Ke3 Kc7 42. Rf8 Kd7 43. Be5 Ke7 44. Rc8 f6 45. Rc7+ Kd8 46. Bd6
g5 47. b5 axb5 48. a6 bxc4 49. axb7 Bxb7 50. Rxb7 Rd5 51. Be7+ 1-0

[Event "ARCTIC CHESS CHALLENGE 2010"]
[Site "SCANDIC TROMSØ"]
[Date "2010.07.31"]
[Round "2"]
[White "Wohl, Aleksandar H"]
[Black "Khenkin, Igor"]
[Result "0-1"]
[WhiteElo "2375"]
[BlackElo "2632"]
[PlyCount "126"]
[EventDate "2010.??.??"]

1. e4 c6 2. c4 d5 3. cxd5 cxd5 4. exd5 Nf6 5. Nc3 Nxd5 6. Nf3 Nc6 7. Bb5 e6 8.
O-O Be7 9. d4 O-O 10. Re1 Qd6 11. a3 Rd8 12. Bd3 Nf6 13. Be3 b6 14. Qe2 Bb7 15.
Rad1 Rac8 16. d5 Nxd5 17. Nxd5 exd5 18. Bf5 Ra8 19. b4 g6 20. Bb1 Bf6 21. Ba2
Ne5 22. Ng5 Qe7 23. Bf4 Bxg5 24. Bxe5 Bf6 25. Bxf6 Qxf6 26. Qe7 Qxe7 27. Rxe7
Bc6 28. f3 a5 29. Rc7 Rac8 30. Rxc8 Rxc8 31. bxa5 bxa5 32. Bxd5 Ba4 33. Rd4 Bb5
34. Be4 Bc4 35. Rd6 Rc5 36. Rc6 Rxc6 37. Bxc6 Kf8 38. Kf2 Ke7 39. Ke3 Kd6 40.
Be4 Kc5 41. h4 h6 42. g3 Bf1 43. Bb1 Kb5 44. Kd4 Ka4 45. Ba2 f6 46. Kc3 Kxa3
47. Bf7 g5 48. hxg5 hxg5 49. f4 Ka4 50. fxg5 fxg5 51. Be8+ Bb5 52. Bg6 Bd7 53.
Bd3 Be6 54. Be2 Ka3 55. Bd3 Ka2 56. Bc2 Ka1 57. Bd3 Ba2 58. Bc2 Bb1 59. Bd1 Bg6
60. Ba4 Kb1 61. Bd7 Bc2 62. g4 Kc1 63. Bf5 Ba4 0-1

[Event "ARCTIC CHESS CHALLENGE 2010"]
[Site "SCANDIC TROMSØ"]
[Date "2010.07.31"]
[Round "2"]
[White "Drozdovskij, Yuri"]
[Black "Welling, Gerard"]
[Result "1-0"]
[WhiteElo "2624"]
[BlackElo "2352"]
[PlyCount "117"]
[EventDate "2010.??.??"]

1. d4 g6 2. c4 Bg7 3. Nf3 d6 4. g3 e5 5. Nc3 exd4 6. Nxd4 Ne7 7. Bg2 Nbc6 8.
Nc2 O-O 9. Qd2 a5 10. b3 a4 11. Rb1 axb3 12. axb3 Nf5 13. e3 Re8 14. O-O h5 15.
Bb2 h4 16. Nd5 hxg3 17. hxg3 Bxb2 18. Rxb2 Be6 19. e4 Ng7 20. Nce3 Bxd5 21.
cxd5 Ne5 22. Rc2 Nh5 23. Qc3 Qf6 24. Nc4 Nxc4 25. Qxc4 Re7 26. Qb4 Ra1 27. Qxb7
Rxf1+ 28. Bxf1 Qf3 29. Qa8+ Kh7 30. Qf8 Rd7 31. Ra2 Qxe4 32. Re2 Qd4 33. Qc8
Nf6 34. Re3 Kg7 35. Bc4 Qg4 36. Kg2 Qh5 37. f3 Qh8 38. Qxh8+ Kxh8 39. Bb5 Rd8
40. Re7 Rb8 41. Bc4 Kg7 42. Rxc7 Kf8 43. Kf2 g5 44. Ke3 Re8+ 45. Kd3 Nh5 46. b4
Nxg3 47. b5 Rb8 48. Rc6 Nf5 49. b6 Nh4 50. Ba6 Ke7 51. Ke3 Ng6 52. b7 Ne5 53.
Rc7+ Kf6 54. Bb5 Kg6 55. Bc6 Nc4+ 56. Kd4 Na5 57. Rc8 Rxb7 58. Bxb7 Nxb7 59.
Rc7 1-0

[Event "ARCTIC CHESS CHALLENGE 2010"]
[Site "SCANDIC TROMSØ"]
[Date "2010.07.31"]
[Round "2"]
[White "Johansen, Stian"]
[Black "Bartel, Mateusz"]
[Result "0-1"]
[WhiteElo "1899"]
[BlackElo "2613"]
[PlyCount "90"]
[EventDate "2010.??.??"]

1. e4 c5 2. Nf3 a6 3. d4 cxd4 4. Nxd4 Nf6 5. Bd3 e5 6. Nb3 Nc6 7. O-O Be7 8.
Nc3 d6 9. a4 Be6 10. Nd2 Rc8 11. Nc4 Nb4 12. Ne3 O-O 13. Ned5 Bxd5 14. Nxd5
Nfxd5 15. exd5 f5 16. c3 Nxd3 17. Qxd3 Qc7 18. Bd2 e4 19. Qg3 Rf6 20. Rfd1 Rg6
21. Qf4 Rf8 22. Qe3 Qc4 23. Be1 Bf6 24. f4 exf3 25. Qxf3 Be5 26. Bg3 Bxg3 27.
hxg3 Rg4 28. b4 Re4 29. Rd3 g6 30. Rad1 Rfe8 31. Rd4 Qb3 32. Rxe4 fxe4 33. Qg4
Qxc3 34. Qd7 Qe5 35. Rf1 Qe7 36. Qg4 e3 37. Qf3 e2 38. Re1 Qe5 39. b5 Qd4+ 40.
Kh2 Qd2 41. Qf2 axb5 42. axb5 Qxd5 43. b6 Qd2 44. g4 Qh6+ 45. Kg1 Qe3 0-1

[Event "ARCTIC CHESS CHALLENGE 2010"]
[Site "SCANDIC TROMSØ"]
[Date "2010.07.31"]
[Round "2"]
[White "Thomassen, Joachim"]
[Black "Ivanisevic, Ivan"]
[Result "0-1"]
[WhiteElo "2364"]
[BlackElo "2611"]
[PlyCount "102"]
[EventDate "2010.??.??"]

1. e4 c5 2. Nf3 d6 3. d4 cxd4 4. Nxd4 Nf6 5. Nc3 a6 6. Be2 e6 7. f4 Nc6 8. Be3
Bd7 9. g4 h6 10. Qd2 Nxg4 11. Bxg4 Qh4+ 12. Qf2 Qxg4 13. Nde2 g5 14. O-O-O Be7
15. h4 gxf4 16. Nxf4 Qg7 17. Nh5 Qe5 18. Qf3 O-O-O 19. Na4 Kb8 20. Nb6 Be8 21.
Nc4 Qb5 22. b3 f5 23. exf5 Qxf5 24. Qxf5 exf5 25. Ng7 d5 26. Bf4+ Ka7 27. Ne3
d4 28. Nexf5 Ba3+ 29. Kb1 Bg6 30. Rhf1 Rd5 31. Ne3 dxe3 32. Rxd5 Bxc2+ 33. Ka1
e2 34. Be3+ Kb8 35. Re1 Be4 36. Rd2 Bb4 37. Kb2 Bxd2 38. Bxd2 Bf3 39. Ne6 Kc8
40. Bc3 Re8 41. Nd4 Nxd4 42. Bxd4 Kd7 43. Bf2 Ke6 44. Rg1 Kf5 45. Be1 Rd8 46.
Rg3 Kf4 47. Rg6 Rd1 48. Bg3+ Ke3 49. Re6+ Be4 50. h5 Rg1 51. Bh4 Rh1 0-1

[Event "ARCTIC CHESS CHALLENGE 2010"]
[Site "SCANDIC TROMSØ"]
[Date "2010.07.31"]
[Round "2"]
[White "Burmakin, Vladimir"]
[Black "Zozulia, Anna"]
[Result "1-0"]
[WhiteElo "2605"]
[BlackElo "2340"]
[PlyCount "45"]
[EventDate "2010.??.??"]

1. Nf3 Nf6 2. g3 g6 3. b3 Bg7 4. Bb2 O-O 5. Bg2 d6 6. d4 a5 7. O-O a4 8. c4
axb3 9. axb3 Rxa1 10. Bxa1 c6 11. Nc3 Na6 12. Bb2 Qa5 13. Qa1 Qh5 14. d5 Nb4
15. Qa5 c5 16. Nb5 Bg4 17. Bc3 Bxf3 18. exf3 Qf5 19. Re1 Qd3 20. Rxe7 Nfxd5 21.
Bf1 Qc2 22. Bxg7 Nc6 23. Re2 1-0

[Event "ARCTIC CHESS CHALLENGE 2010"]
[Site "SCANDIC TROMSØ"]
[Date "2010.07.31"]
[Round "2"]
[White "Westerinen, Heikki M.J"]
[Black "Azarov, Sergei"]
[Result "1-0"]
[WhiteElo "2347"]
[BlackElo "2600"]
[PlyCount "75"]
[EventDate "2010.??.??"]

1. e4 c5 2. Nf3 d6 3. c3 Nf6 4. h3 g6 5. Bd3 Bg7 6. O-O O-O 7. Bc2 Nc6 8. d4
cxd4 9. cxd4 d5 10. e5 Ne4 11. Re1 Bf5 12. Nbd2 Nxd2 13. Bxd2 Bxc2 14. Qxc2 Qb6
15. Bc3 f6 16. exf6 Bxf6 17. Re6 Rf7 18. Rae1 Raf8 19. Qd2 Bg7 20. Qg5 Qd8 21.
R1e2 Rxf3 22. gxf3 Rf5 23. Qe3 Bf6 24. Rxc6 bxc6 25. Qe6+ Kf8 26. Qxc6 Rxf3 27.
Bb4 Rf5 28. Bc5 a5 29. a3 Kg7 30. Qe6 Qc7 31. b4 axb4 32. axb4 Rg5+ 33. Kh1 Qf4
34. Qe3 Qf5 35. Bxe7 Bxe7 36. Qxe7+ Kh6 37. Qe3 Kh5 38. f4 1-0

[Event "ARCTIC CHESS CHALLENGE 2010"]
[Site "SCANDIC TROMSØ"]
[Date "2010.07.31"]
[Round "2"]
[White "Gyimesi, Zoltan"]
[Black "Poobalasingam, Peter S"]
[Result "1-0"]
[WhiteElo "2598"]
[BlackElo "2326"]
[PlyCount "83"]
[EventDate "2010.??.??"]

1. c4 Nf6 2. Nc3 d5 3. cxd5 Nxd5 4. g3 Nb6 5. Bg2 g6 6. d3 Bg7 7. Be3 O-O 8.
Qd2 N8d7 9. Bh6 Nf6 10. Nf3 Re8 11. Bxg7 Kxg7 12. O-O e5 13. b4 Nbd5 14. Rab1
Nxc3 15. Qxc3 Nd5 16. Qb2 f6 17. Nd2 Be6 18. Rfc1 Re7 19. a4 c6 20. Ne4 a5 21.
b5 cxb5 22. Qxb5 Nb4 23. Nc5 Bd5 24. Nb3 Bxb3 25. Rxb3 Rb8 26. Rc4 b6 27. Bf3
Qe8 28. Bc6 Qd8 29. Be4 Qe8 30. Qxe8 Rbxe8 31. f4 Kf7 32. Kf2 Ke6 33. h4 Kd6
34. Rbc3 f5 35. Bf3 Re6 36. h5 e4 37. dxe4 fxe4 38. Rd4+ Nd5 39. Bg2 Rf6 40.
Rc1 Rf5 41. hxg6 hxg6 42. Bxe4 1-0

[Event "ARCTIC CHESS CHALLENGE 2010"]
[Site "SCANDIC TROMSØ"]
[Date "2010.07.31"]
[Round "2"]
[White "Medvegy, Nora Dr"]
[Black "Malakhatko, Vadim"]
[Result "1/2-1/2"]
[WhiteElo "2343"]
[BlackElo "2576"]
[PlyCount "61"]
[EventDate "2010.??.??"]

1. e4 e6 2. d4 d5 3. Nd2 c5 4. exd5 Qxd5 5. dxc5 Bxc5 6. Ngf3 Nf6 7. Bc4 Qc6 8.
O-O Nbd7 9. Qe2 O-O 10. Nb3 b6 11. Nxc5 Qxc5 12. b3 Bb7 13. Bb2 a6 14. a4 Qc6
15. Rfd1 Rfc8 16. h3 Nf8 17. Qf1 Ne4 18. Ne5 Qc7 19. Qe2 Rd8 20. Rxd8 Rxd8 21.
Rd1 Rxd1+ 22. Qxd1 f6 23. Nf3 Nd6 24. Be2 Qc6 25. Ba3 Kf7 26. Qd3 Ng6 27. Qc4
Qd7 28. Qd4 Qc6 29. Qc4 Qd7 30. Qd4 Qc6 31. Qc4 1/2-1/2

[Event "ARCTIC CHESS CHALLENGE 2010"]
[Site "SCANDIC TROMSØ"]
[Date "2010.07.31"]
[Round "2"]
[White "Radulski, Julian"]
[Black "Bortnik, Alexandr"]
[Result "1-0"]
[WhiteElo "2574"]
[BlackElo "2318"]
[PlyCount "39"]
[EventDate "2010.??.??"]

1. e4 e5 2. Nf3 Nc6 3. Bb5 f5 4. Bxc6 dxc6 5. Nc3 Nf6 6. Qe2 Bd6 7. exf5 O-O 8.
g4 b5 9. Ng5 Nd5 10. d3 Nf4 11. Bxf4 exf4 12. Ne6 Bxe6 13. Qxe6+ Kh8 14. O-O-O
Re8 15. Qf7 Qh4 16. Qd7 Qxf2 17. Qxc6 Rab8 18. Ne4 Qd4 19. Rhe1 h6 20. Nxd6 1-0

[Event "ARCTIC CHESS CHALLENGE 2010"]
[Site "SCANDIC TROMSØ"]
[Date "2010.07.31"]
[Round "2"]
[White "Dworakowska, Joanna"]
[Black "Leon Hoyos, Manuel"]
[Result "0-1"]
[WhiteElo "2338"]
[BlackElo "2556"]
[PlyCount "72"]
[EventDate "2010.??.??"]

1. e4 c5 2. Nf3 Nc6 3. d4 cxd4 4. Nxd4 g6 5. c4 Nf6 6. Nc3 d6 7. Nc2 Bg7 8. Be2
O-O 9. Be3 Nd7 10. Qd2 Nc5 11. Bh6 Bxh6 12. Qxh6 f5 13. exf5 Bxf5 14. Qd2 e5
15. Ne3 Nd4 16. O-O Qg5 17. f4 Qh4 18. Nxf5 gxf5 19. Bf3 Kh8 20. Bd5 Rae8 21.
Rae1 a5 22. Re3 Qf6 23. Ne2 Nxe2+ 24. Qxe2 e4 25. Kh1 Re7 26. Qd2 Nd3 27. Re2
Rg7 28. Qxa5 Nxb2 29. c5 dxc5 30. Qxc5 Nd3 31. Qe3 Rc8 32. Bb3 Rgc7 33. g3 Rc1
34. Rxc1 Rxc1+ 35. Kg2 Qc3 36. Qa7 Nxf4+ 0-1

[Event "ARCTIC CHESS CHALLENGE 2010"]
[Site "SCANDIC TROMSØ"]
[Date "2010.07.31"]
[Round "2"]
[White "Abbasov, Farid"]
[Black "Engstrom, Kaj"]
[Result "1/2-1/2"]
[WhiteElo "2549"]
[BlackElo "2290"]
[PlyCount "105"]
[EventDate "2010.??.??"]

1. d4 d5 2. c4 e6 3. Nc3 c6 4. e3 Nf6 5. Nf3 Nbd7 6. Qc2 Bd6 7. Be2 O-O 8. O-O
dxc4 9. Bxc4 e5 10. h3 exd4 11. Nxd4 Nb6 12. Bd3 c5 13. Ndb5 Bb8 14. Rd1 Qe7
15. a4 Qe5 16. f4 Qh5 17. Be2 Qh4 18. a5 Nbd7 19. Bf3 a6 20. Nd6 Bxd6 21. Rxd6
Rb8 22. e4 Ne8 23. Rd1 Nc7 24. e5 Ne6 25. Qf2 Qxf2+ 26. Kxf2 Nd4 27. Nd5 Re8
28. Bg4 Nf8 29. Bxc8 Rbxc8 30. Be3 Nc2 31. Rac1 Nxe3 32. Kxe3 f6 33. Nb6 Rc6
34. Rd5 fxe5 35. fxe5 Rg6 36. Rc2 Rg5 37. Ke4 Ne6 38. Nd7 c4 39. Nb6 Rf8 40.
Nxc4 Rf4+ 41. Kd3 h5 42. Kc3 Rg3+ 43. Rd3 Rg5 44. Re2 h4 45. Rd6 Rg3+ 46. Rd3
Rg5 47. Rde3 Rf7 48. Nd6 Rc7+ 49. Kd2 Nd4 50. Rf2 Rc2+ 51. Ke1 Rc1+ 52. Kd2
Rc2+ 53. Ke1 1/2-1/2

[Event "ARCTIC CHESS CHALLENGE 2010"]
[Site "SCANDIC TROMSØ"]
[Date "2010.07.31"]
[Round "2"]
[White "L`Ami, Alina"]
[Black "Petrov, Marijan"]
[Result "1/2-1/2"]
[WhiteElo "2323"]
[BlackElo "2535"]
[PlyCount "64"]
[EventDate "2010.??.??"]

1. d4 g6 2. c4 Bg7 3. Nc3 c5 4. d5 d6 5. e4 e6 6. Bd3 Nf6 7. h3 O-O 8. Nf3 Na6
9. O-O Nc7 10. dxe6 Nxe6 11. Be3 b6 12. Qd2 Bb7 13. Rad1 Nd7 14. Be2 Ne5 15.
Nb5 Bxe4 16. Ng5 Nxg5 17. Bxg5 f6 18. Bf4 Nf7 19. b4 Re8 20. bxc5 bxc5 21. Nxd6
Nxd6 22. Bxd6 Qb6 23. Bf3 Bxf3 24. gxf3 Bf8 25. Qd5+ Kh8 26. Bxf8 Rxf8 27. Rb1
Rad8 28. Rxb6 Rxd5 29. Rb7 Rd4 30. Re1 Rxc4 31. Ree7 Rh4 32. Rxa7 Rc8 1/2-1/2

[Event "ARCTIC CHESS CHALLENGE 2010"]
[Site "SCANDIC TROMSØ"]
[Date "2010.07.31"]
[Round "2"]
[White "Miezis, Normunds"]
[Black "Steinskog, Asbjørn O"]
[Result "1-0"]
[WhiteElo "2518"]
[BlackElo "1891"]
[PlyCount "49"]
[EventDate "2010.??.??"]

1. c4 Nf6 2. Nc3 e5 3. g3 d5 4. cxd5 Nxd5 5. Bg2 Nb6 6. Nf3 Nc6 7. Rb1 Be7 8.
b4 f6 9. a3 Be6 10. O-O O-O 11. Ne4 Rb8 12. d3 Qd7 13. Qc2 a5 14. b5 Nd4 15.
Nxd4 exd4 16. Bd2 a4 17. Nc5 Bxc5 18. Qxc5 Bb3 19. Rbc1 Rfc8 20. Bf4 Na8 21.
Rfe1 Bf7 22. h4 h6 23. Be4 Be6 24. h5 Kh8 25. Rb1 1-0

[Event "ARCTIC CHESS CHALLENGE 2010"]
[Site "SCANDIC TROMSØ"]
[Date "2010.07.31"]
[Round "2"]
[White "Kadziolka, Beata"]
[Black "Turner, Matthew J"]
[Result "0-1"]
[WhiteElo "2305"]
[BlackElo "2506"]
[PlyCount "64"]
[EventDate "2010.??.??"]

1. e4 e5 2. Nf3 Nc6 3. Bb5 f5 4. Nc3 fxe4 5. Nxe4 Nf6 6. Nxf6+ Qxf6 7. Qe2 Be7
8. Bxc6 dxc6 9. Nxe5 Bf5 10. d4 O-O 11. O-O Bd6 12. f4 Bxe5 13. dxe5 Qg6 14.
Rf2 Rad8 15. Be3 Rd5 16. b3 Rfd8 17. c4 Rd3 18. Re1 h5 19. Bc1 R8d4 20. Bb2 Re4
21. Qf1 Rxe1 22. Qxe1 h4 23. e6 Qxe6 24. Re2 Qd6 25. Qxh4 Rd1+ 26. Kf2 Qc5+ 27.
Re3 Be4 28. Ke2 Qd6 29. Bc3 Rc1 30. Bd2 Rc2 31. Qe1 Qd4 32. Kd1 Rc1+ 0-1

[Event "ARCTIC CHESS CHALLENGE 2010"]
[Site "SCANDIC TROMSØ"]
[Date "2010.07.31"]
[Round "2"]
[White "Bykhovsky, Anatoly"]
[Black "Ramondino, Renzo"]
[Result "1-0"]
[WhiteElo "2487"]
[BlackElo "2289"]
[PlyCount "47"]
[EventDate "2010.??.??"]

1. d4 Nf6 2. c4 g6 3. Nc3 Bg7 4. e4 d6 5. Nf3 O-O 6. Be2 e5 7. O-O Nc6 8. d5
Ne7 9. b4 Ne8 10. c5 f5 11. Nd2 Nf6 12. Re1 Bh6 13. Ba3 Bxd2 14. Qxd2 fxe4 15.
Bf1 Nf5 16. Nxe4 Nxe4 17. Rxe4 Nd4 18. Bb2 Nf5 19. f4 dxc5 20. bxc5 Qe7 21. Rc1
Rd8 22. Rxe5 Qf8 23. Qc3 Qh6 24. Bc4 1-0

[Event "ARCTIC CHESS CHALLENGE 2010"]
[Site "SCANDIC TROMSØ"]
[Date "2010.07.31"]
[Round "2"]
[White "Tsiolakidis, Anastasios"]
[Black "Elsness, Frode"]
[Result "0-1"]
[WhiteElo "2289"]
[BlackElo "2485"]
[PlyCount "98"]
[EventDate "2010.??.??"]

1. c4 e5 2. Nc3 Nf6 3. g3 d5 4. cxd5 Nxd5 5. Bg2 Nb6 6. Nf3 Nc6 7. O-O Be7 8.
a3 O-O 9. b4 Be6 10. Rb1 f6 11. d3 Nd4 12. Nd2 c6 13. e3 Nb5 14. Nxb5 cxb5 15.
Bxb7 Rb8 16. Be4 f5 17. Bf3 Qxd3 18. Be2 Qd5 19. Nf3 Rfd8 20. Qxd5 Rxd5 21. Bb2
Bf6 22. Rfd1 Rxd1+ 23. Rxd1 Bc4 24. Kf1 Bxe2+ 25. Kxe2 Nc4 26. Bc1 e4 27. Nd4
g6 28. f3 exf3+ 29. Kxf3 Rd8 30. h3 h5 31. Ke2 a6 32. Ne6 Rxd1 33. Kxd1 Be5 34.
Nf4 Kf7 35. Ke2 Nd6 36. Kf3 Ne4 37. Ne2 Ke6 38. g4 Ng5+ 39. Kg2 hxg4 40. hxg4
fxg4 41. Ng3 Kd5 42. Nh1 Ne4 43. Nf2 Nxf2 44. Kxf2 Ke4 45. Ke2 g3 46. Bd2 g2
47. Kf2 Kd3 48. Be1 Bg3+ 49. Kxg3 g1=Q+ 0-1

[Event "ARCTIC CHESS CHALLENGE 2010"]
[Site "SCANDIC TROMSØ"]
[Date "2010.07.31"]
[Round "2"]
[White "Babujian, Levon"]
[Black "Dolzhikova, Olga"]
[Result "1-0"]
[WhiteElo "2485"]
[BlackElo "2263"]
[PlyCount "63"]
[EventDate "2010.??.??"]

1. e4 e5 2. Nc3 Nf6 3. Bc4 Nc6 4. d3 Na5 5. Nge2 Nxc4 6. dxc4 Bc5 7. O-O d6 8.
Qd3 Be6 9. Bg5 h6 10. Bxf6 Qxf6 11. Nd5 Bxd5 12. cxd5 O-O 13. c3 a5 14. a4 g6
15. Kh1 Rae8 16. Rab1 Bb6 17. b4 Ra8 18. Ra1 Qe7 19. f4 exf4 20. Nxf4 Rfe8 21.
Qg3 Qg5 22. Qf3 Re7 23. b5 Qe5 24. Rae1 Rae8 25. h4 Qg7 26. g3 Kh7 27. Re2 Kg8
28. g4 Qf6 29. g5 Qh8 30. gxh6 Qxh6 31. h5 Kh8 32. Rh2 1-0

[Event "ARCTIC CHESS CHALLENGE 2010"]
[Site "SCANDIC TROMSØ"]
[Date "2010.07.31"]
[Round "2"]
[White "Przezdziecka, Marta"]
[Black "Socko, Monika"]
[Result "1/2-1/2"]
[WhiteElo "2278"]
[BlackElo "2477"]
[PlyCount "85"]
[EventDate "2010.??.??"]

1. d4 Nf6 2. c4 e6 3. Nc3 c5 4. d5 exd5 5. cxd5 d6 6. Nf3 g6 7. Bf4 a6 8. a4
Qe7 9. h3 Nbd7 10. e3 Bg7 11. Be2 O-O 12. O-O Ne8 13. a5 Ne5 14. Ra3 Nxf3+ 15.
Bxf3 g5 16. Bh2 f5 17. Rb3 Be5 18. Bxe5 Qxe5 19. Na4 Nf6 20. Nb6 Rb8 21. Nc4
Qe7 22. Rb6 Nd7 23. Rxd6 Ne5 24. Nxe5 Qxd6 25. Nc4 Qf6 26. e4 fxe4 27. Bxe4 Bf5
28. Bxf5 Qxf5 29. Qd2 Qf4 30. Qc2 Rbe8 31. b3 g4 32. hxg4 Qxg4 33. Ne3 Qd4 34.
Qc4 Re4 35. Qc1 Qe5 36. Qxc5 Rh4 37. g3 Rh3 38. Qc4 Rxg3+ 39. fxg3 Qxe3+ 40.
Kg2 Qd2+ 41. Kg1 Qe3+ 42. Kg2 Qd2+ 43. Kg1 1/2-1/2

[Event "ARCTIC CHESS CHALLENGE 2010"]
[Site "SCANDIC TROMSØ"]
[Date "2010.07.31"]
[Round "2"]
[White "Shoker, Samy"]
[Black "Hess, Christian"]
[Result "1-0"]
[WhiteElo "2472"]
[BlackElo "2262"]
[PlyCount "83"]
[EventDate "2010.??.??"]

1. Nf3 c5 2. g3 g6 3. Bg2 Bg7 4. c4 Nc6 5. Nc3 e5 6. O-O Nge7 7. a3 O-O 8. Rb1
a5 9. d3 d6 10. Bd2 Rb8 11. Qa4 Bd7 12. Nb5 d5 13. Rfc1 dxc4 14. Qxc4 b6 15. b4
axb4 16. axb4 Nxb4 17. Bxb4 cxb4 18. Qxb4 Nd5 19. Qd2 Bxb5 20. Rxb5 e4 21. Ng5
e3 22. fxe3 Nc7 23. Rxc7 Qxc7 24. Bd5 Qd7 25. Bc4 Ra8 26. Kg2 Qc6+ 27. Nf3 Rfe8
28. e4 Rxe4 29. dxe4 Qxc4 30. Qd3 Qxd3 31. exd3 Rd8 32. Rb3 Bd4 33. Kf1 Bc5 34.
Ke2 f5 35. e5 Kf7 36. d4 Be7 37. Rxb6 g5 38. Rb7 g4 39. Nh4 Ke6 40. Rb6+ Kd5
41. Nxf5 Re8 42. Ke3 1-0

[Event "ARCTIC CHESS CHALLENGE 2010"]
[Site "SCANDIC TROMSØ"]
[Date "2010.07.31"]
[Round "2"]
[White "Alfred, Nathan S W"]
[Black "Shytaj, Luca"]
[Result "0-1"]
[WhiteElo "2263"]
[BlackElo "2466"]
[PlyCount "80"]
[EventDate "2010.??.??"]

1. e4 c5 2. Nf3 d6 3. d4 cxd4 4. Nxd4 Nf6 5. Nc3 Nc6 6. Bc4 Na5 7. Bd3 g6 8.
Nd5 Bg7 9. Bg5 Nc6 10. Nxf6+ exf6 11. Be3 O-O 12. O-O d5 13. exd5 Nxd4 14. Bxd4
Qxd5 15. c3 Be6 16. Be2 Rfd8 17. Qa4 Bd7 18. Qb3 Bc6 19. Qxd5 Bxd5 20. Rfd1 f5
21. Bxg7 Kxg7 22. c4 Bc6 23. Rxd8 Rxd8 24. Rd1 Rxd1+ 25. Bxd1 f4 26. g3 Kf6 27.
Kf1 Ke5 28. Ke2 fxg3 29. hxg3 Kd4 30. Kd2 f5 31. Be2 Be4 32. b3 f4 33. g4 f3
34. Bf1 g5 35. a3 h6 36. b4 Bc6 37. Bd3 Bd7 38. Bf5 Bxf5 39. gxf5 Ke5 40. Ke3
g4 0-1

[Event "ARCTIC CHESS CHALLENGE 2010"]
[Site "SCANDIC TROMSØ"]
[Date "2010.07.31"]
[Round "2"]
[White "Lie, Espen"]
[Black "Gukhvat, Peter"]
[Result "1-0"]
[WhiteElo "2464"]
[BlackElo "2242"]
[PlyCount "83"]
[EventDate "2010.??.??"]

1. c4 e5 2. g3 Nf6 3. Bg2 c6 4. d4 d6 5. Nc3 Nbd7 6. Nf3 Be7 7. O-O Qc7 8. e4
a5 9. Qc2 h6 10. a4 O-O 11. h3 Nh7 12. b3 Bf6 13. Rd1 Ng5 14. Nxg5 hxg5 15. d5
Rd8 16. Be3 Nf8 17. c5 dxc5 18. Bxc5 Bd7 19. Rac1 Qc8 20. Kh2 g4 21. hxg4 Bg5
22. dxc6 Qxc6 23. Nd5 Bxg4 24. Rh1 Rac8 25. Qb1 Rxd5 26. exd5 Qf6 27. Rc4 Bf5
28. Qe1 Bd3 29. Be7 Qf5 30. Bh3 Qf3 31. Rxc8 Bxe7 32. Qe3 Qxd5 33. Rd1 e4 34.
Rc3 Qh5 35. Rdxd3 exd3 36. Qxd3 Bf6 37. Rc8 g5 38. Qf5 Kg7 39. Rxf8 Kxf8 40.
Qxf6 g4 41. Qd8+ Kg7 42. Qd4+ 1-0

[Event "ARCTIC CHESS CHALLENGE 2010"]
[Site "SCANDIC TROMSØ"]
[Date "2010.07.31"]
[Round "2"]
[White "Briscoe, Chris"]
[Black "Caspi, Israel"]
[Result "0-1"]
[WhiteElo "2247"]
[BlackElo "2454"]
[PlyCount "82"]
[EventDate "2010.??.??"]

1. d4 f5 2. f3 c5 3. d5 Nf6 4. e4 fxe4 5. Nc3 g6 6. fxe4 d6 7. h4 Nh5 8. Be2
Ng3 9. Rh2 Nxe2 10. Ngxe2 Bg4 11. h5 gxh5 12. Qd3 Nd7 13. Nf4 Ne5 14. Qg3 Qd7
15. Nxh5 O-O-O 16. Rh4 Rg8 17. Bf4 Rg6 18. Qf2 Nc4 19. b3 Bxh5 20. bxc4 Bg7 21.
Kd2 Bd4 22. Be3 Rdg8 23. Rg1 Rf6 24. Rf4 Rgf8 25. g3 Be5 26. Rxf6 Bxf6 27. Qh2
Bg6 28. Qg2 Qc7 29. Kd3 Bxc3 30. Kxc3 Qa5+ 31. Kd3 Qxa2 32. Rf1 Re8 33. Bd2 b5
34. cxb5 Qxd5+ 35. Ke2 Qc4+ 36. Kd1 Bxe4 37. Qh3+ Kb8 38. Rf4 Bxc2+ 39. Ke1
Qxb5 40. Qe6 Bd3 41. Qa2 Qb1+ 0-1